000 01918nam0a2200385 i 4500
001 RU\NLR\bibl\1965154
005 20260405222838.0
010 _a9785434301640
_9500
021 _aRU
_b2012-80137
_95947
035 _a(nilc)RSL-KNO-005514098
035 _a(NLR Aleph) 001954100
090 _a3735440
_c3735440
100 _a20121024d2012 k y0rusy50 ca
101 0 _arus
102 _aRU
105 _aa |||||||||
200 1 _aФормирование профессиональной ментальности будущего психолога в условиях вуза
_eмонография
_fН. В. Вязовова
_gМ-во образования и науки Российской Федерации, Федеральное гос. бюджетное образовательное учреждение высш. проф. образования "Тамбовский гос. ун-т им. Г. Р. Державина"
210 _aТамбов
_cИзд-во ТРОО "Бизнес-Наука-Общество"
_d2012
215 _a171 с.
_cил., табл.
_d20
320 _aБиблиогр. в конце гл.
606 1 _aСтуденты-психологи
_xПрофессиональная адаптация
_92165701
_3RU\NLR\AUTH\6601539915
606 1 _aСтуденты
_xПрофессионализация
_xПсихологические исследования
_92550488
_3RU\NLR\AUTH\661509255
610 0 _aстудент-психолог
686 _aЮ949.2,0
_2rubbk
686 _aЮ940.3-723,0
_2rubbk
686 1 _aЮ941.196
686 1 _aЮ940.3
700 1 _4070
_7ca
_8rus
_aВязовова
_bН. В.
_gНаталия Владимировна
_983995
_3RU\NLR\auth\77101069
801 0 _aRU
_bRuMoRKP
_c20121024
_grcr
801 1 _aRU
_bРГБ
_c20121024
801 2 _aRU
_bNLR
_c20121109
_grcr
942 _cBOOK
980 _aNBR